000
00288nam a22001337a 4500
008
170308b xxu||||| |||| 00| 0 eng d
020
_a
0721625231
041
_a
eng
080
_2
21ST
_a
611
100
_a
6
101
_a
shm
245
_a
TEXTBOOK OF PHYSIOLOGY
_c
PATTON
942
_2
udc
_c
BK
999
_c
7224
_d
7224